000
00267nam a2200097 4500
999
_c
518844
_d
518844
082
_a
T000x54 In2/1974-79
100
_a
India. Planning Commission
_9
28830
245
_a
Fifth five year plan, 1979-79
260
_a
Delhi
_b
Controller of Publications
_c
1976
300
_a
162p.